Applied Statistics with R. (Record no. 7953)

MARC details
000 -LEADER
fixed length control field 00290nam a22001217a 4500
008 - FIXED-LENGTH DATA ELEMENTS--GENERAL INFORMATION
fixed length control field 190507b ||||| |||| 00| 0 eng d
082 ## - DEWEY DECIMAL CLASSIFICATION NUMBER
Classification number 519.5 A65a 2019
245 ## - TITLE STATEMENT
Title Applied Statistics with R.
260 ## - PUBLICATION, DISTRIBUTION, ETC.
Date of publication, distribution, etc. 2019.
300 ## - PHYSICAL DESCRIPTION
Extent 369 p.
Dimensions 30 cm.
650 ## - SUBJECT ADDED ENTRY--TOPICAL TERM
Topical term or geographic name entry element applies statistics.
942 ## - Added entry Elements (Koha)
Source of classification or shelving scheme Dewey Decimal Classification
Holdings
Withdrawn status Lost status Source of classification or shelving scheme Damaged status Not for loan Collection code Home library Current library Shelving location Date acquired Serial Enumeration / chronology Total Checkouts Full call number Barcode Date last seen Price effective from Koha item type Date last checked out
    Dewey Decimal Classification     Binding Materials. RTC Library RTC Library Binding 07/05/2019 13792   519.5 APP 30009479 07/05/2019 07/05/2019 Main  
    Dewey Decimal Classification     Binding Materials. RTC Library RTC Library Binding 08/05/2019 13793 1 519.5 APP 30003467 21/06/2019 08/05/2019 Binder 08/05/2019
Royal Thimphu College || All Right Reserved